00515 2200181 4500001002100000005001500021035002000036245007800056100001900134260004300153300003000196020002200226084001400248082000800262650001000270008004100280990001200321INLIS00000000000271720251007092553 a0010-09250000641 aThe Power of Spirituality Meraih Sukses Tanpa Batas /cDr. Faqih Syarif H aFaqih Syarif H aJakarta :bEmir Cakrawala Islam,c2015 a128 hlm ;c(14,5 x 21 cm) a978-602-0935-18-8 a100 FAQ t a100 4aFiksi251007 0  a0754919